000 00970nam a2200289Ia 4500
003 OSt
005 20221005023704.0
006 a|||||r|||| 00| 0
007 ta
008 221004b |||||||| |||| 00| 0 eng d
020 _a8177021249 (hbk)
_c1200
024 _a87411
037 _b1273, 22/03/2007, Vidyanidhi Prakashan
_cTextual
040 _aCRL
_cCRL
_beng
041 _2eng
_aeng
082 _aY72:1.255, P6
100 _aChaudhary S. N.
245 0 _aTribes of Pachmanhi biosphere reserve and their indigenous knowledge
260 _aBhopal
_bIndira Gandhi Rashtriya Manav Sangrahalaya India
_c2006
300 _ax, 146p.
_ccm.
490 _aIntangible cultural heritage of India - 4
650 _aSOCIOLOGY
700 _a Basa Kishore K Ed.
_9557400
700 _a Singh R P
942 _hY72:1.255, P6
_cTEXL
_2cc
999 _c931598
_d931598